000 00369nam a2200145 i 4500
001 bg
100 1 _aIVERONOVA, V. J.
245 0 _aTeorija rassejanija rentgenowskich lucej /
_cW.J. Iweronowa, G.P. Rewkewic.
260 _aMoskwa,
_c1972.
700 1 _aREVKEVIC, G. P.
040 _cBPK
041 _apol
942 _cKS
008 s pl f |000 0 pol
999 _c15187
_d15187
856 _uhttp://koha.tu.koszalin.pl/cgi-bin/koha/opac-detail.pl?biblionumber=15187
_yKatalog online BPK